00406nam a2200109Ia 4500008004100000020002200041100002700063245010300090260004900193300002700242650002700269200908s9999 xx 000 0 und d a978-971-98-1143-5 aEspina-Clemente, Janet cJanet Espina-Clemente, Geoffrey Rhoel C. CruzaThe Life and works of Rizal:boutcome-based module/ aQuezon City:bC and E Publishing, Inc.c2019 avii, 264 pagesc22 cm. aRizal, Jose, 1861-1896